|
|
|
|
| LEADER |
01746nam a2200277 u 4500 |
| 001 |
10020506 |
| 003 |
upatras |
| 005 |
20210117205437.0 |
| 008 |
990211s1998 gr gre |
| 040 |
|
|
|a GR-PaULI
|c GR-PaULI
|
| 041 |
0 |
|
|a gre
|
| 082 |
0 |
4 |
|a 620.1
|
| 100 |
1 |
|
|a Σταυρόπουλος, Χρήστος Δ.
|9 144625
|
| 245 |
1 |
0 |
|a Πρόβλεψη της εναπομένουσας αντοχής πολυστρώτων ινωδών συνθέτων υλικών μετά από κρούση και βελτίωση της κρουστικής συμπεριφοράς τους με την εισαγωγή ενισχυτικών πλαστικών στρώσεων
|c Σταυρόπουλος Δ. Χρήστος; Πανεπιστήμιο Πατρών, Τμήμα Μηχανολόγων & Αεροναυπηγών Μηχανικών
|
| 260 |
|
|
|a Πάτρα
|b [χ.ό.]
|c 1998
|
| 300 |
|
|
|a xv, 281 σ.
|b σχήμ., πίν.
|c 29 εκ.
|
| 500 |
|
|
|a Διδακτορική διατριβή
|
| 504 |
|
|
|a Περιλαμβάνει βιβλιογραφία
|
| 650 |
|
4 |
|9 245
|a Μηχανική
|
| 710 |
2 |
|
|9 2771
|a Πανεπιστήμιο Πατρών
|b Σχολή Επιστημών Υγείας
|b Τμήμα Ιατρικής
|e Πολυτεχνική Σχολή
|e Τμήμα Μηχανολόγων και Αεροναυπηγών Μηχανικών
|
| 852 |
|
|
|a GR-PaULI
|b ΠΑΤΡΑ
|b ΒΚΠ
|b ΑΝΕ
|k ΔΙΑΤΡΙΒΗ
|h 620.1 Σ
|m 39902
|p 025000000558
|t 1
|
| 856 |
|
|
|u http://thesis.ekt.gr/9876
|
| 942 |
|
|
|2 ddc
|c BKTD
|
| 952 |
|
|
|0 0
|1 0
|4 0
|6 620_100000000000000_Σ
|7 0
|9 179887
|a LISP
|b LISP
|c RES
|d 2016-04-24
|i 39902
|l 0
|o 620.1 Σ
|p 025000000558
|r 2016-04-24 00:00:00
|t 1
|w 2016-04-24
|y BKTD
|
| 998 |
|
|
|c ΔΙΟΝΥΣΟΠΟΥΛΟΥ
|d 1999/02
|
| 999 |
|
|
|c 111378
|d 111378
|